The big book of American trivia / (Record no. 666)

MARC details
000 -LEADER
fixed length control field 01256cam a2200301 a 4500
003 - CONTROL NUMBER IDENTIFIER
control field data
005 - DATE AND TIME OF LATEST TRANSACTION
control field 20260322212029.0
008 - FIXED-LENGTH DATA ELEMENTS--GENERAL INFORMATION
fixed length control field data
010 ## - LIBRARY OF CONGRESS CONTROL NUMBER
LC control number 96044960
020 ## - INTERNATIONAL STANDARD BOOK NUMBER
International Standard Book Number 0842304711
020 ## - INTERNATIONAL STANDARD BOOK NUMBER
International Standard Book Number 9780842304719
020 ## - INTERNATIONAL STANDARD BOOK NUMBER
International Standard Book Number 9780842383134
020 ## - INTERNATIONAL STANDARD BOOK NUMBER
International Standard Book Number 0842383131
040 ## - CATALOGING SOURCE
Original cataloging agency DLC
Transcribing agency DLC
Modifying agency OSU
-- BAKER
-- L@L
-- OSU
043 ## - GEOGRAPHIC AREA CODE
Geographic area code n-us---
050 00 - LIBRARY OF CONGRESS CALL NUMBER
Classification number E156
Item number .L36 2005
082 00 - DEWEY DECIMAL CLASSIFICATION NUMBER
Classification number 973/.076
Edition information 20
092 ## - LOCALLY ASSIGNED DEWEY CALL NUMBER (OCLC)
Classification number 973.076 A447 2011
001 - CONTROL NUMBER
control field data
100 1# - MAIN ENTRY--PERSONAL NAME
Personal name Lang, J. Stephen
245 14 - TITLE STATEMENT
Title The big book of American trivia /
Statement of responsibility, etc. J. Stephen Lang.
260 ## - PUBLICATION, DISTRIBUTION, ETC.
Place of publication, distribution, etc. Wheaton, Ill. :
Name of publisher, distributor, etc. Tyndale House,
Date of publication, distribution, etc. c1997
300 ## - PHYSICAL DESCRIPTION
Extent x, 380 p. ;
Dimensions 22 cm
505 0# - FORMATTED CONTENTS NOTE
Formatted contents note For the record -- Let us entertain you -- Our love affair with music -- Leisure time, American style -- So many sights to see --Call of the wild -- As a memorial -- The finer things : artists, authors, and such -- Hail to the chief -- Doing it by the decades-- American potpourri -- Ten questions (about each state) --Things of the spirit
520 ## - SUMMARY, ETC.
Summary, etc. Presents over three thousand questions and answers about American subjects, covering such topics as geography, history, entertainment, people, and culture
650 #0 - SUBJECT ADDED ENTRY--TOPICAL TERM
Topical term or geographic name entry element Popular culture
Geographic subdivision United States
Form subdivision Miscellanea
651 #0 - SUBJECT ADDED ENTRY--GEOGRAPHIC NAME
Geographic name United States
Form subdivision Miscellanea
Holdings
Withdrawn status Lost status Damaged status Not for loan Home library Current library Shelving location Date acquired Total checkouts Full call number Barcode Date last seen Price effective from Koha item type
        Midway Midway General stacks 22/03/2026   973/.076 20 BC0010683 22/03/2026 22/03/2026 Books